| 000 | 00313nam a2200109 4500 | ||
|---|---|---|---|
| 999 |
_c11115 _d11115 |
||
| 008 | 181012b ||||| |||| 00| 0 eng d | ||
| 245 | _aWHO: no evidence Dengvaxia caused other illnesses. | ||
| 260 |
_aPhilippines _bThe Philippine Star _cc2018 |
||
| 300 | _apage 2. | ||
| 650 | 0 |
_932140 _aVaccines. |
|
| 942 |
_2ddc _cPER |
||